ბათუმის შოთა რუსთაველის სახელმწიფო უნივერსიტეტის ბიბლიოთეკა

გოგონა, რომელსაც ზღვა არ უნახავს (ბიბ.ჩანაწერი № 48452)

000 -LEADER
fixed length control field 00718nam a2200205Ia 4500
001 - CONTROL NUMBER
control field 15345
003 - CONTROL NUMBER IDENTIFIER
control field GE_BSU
008 - FIXED-LENGTH DATA ELEMENTS--GENERAL INFORMATION
fixed length control field 181216s||||||||xx |||||||||||||| ||und||
040 ## - CATALOGING SOURCE
Transcribing agency GE_BSU
080 ## - UNIVERSAL DECIMAL CLASSIFICATION NUMBER
Universal Decimal Classification number 821.353.1-32
100 ## - MAIN ENTRY--PERSONAL NAME
Personal name ყიფიანი, ე.
245 ## - TITLE STATEMENT
Title გოგონა, რომელსაც ზღვა არ უნახავს
260 ## - PUBLICATION, DISTRIBUTION, ETC.
Place of publication, distribution, etc. თბილისი
260 ## - PUBLICATION, DISTRIBUTION, ETC.
Name of publisher, distributor, etc. საბჭოთა საქართველო
260 ## - PUBLICATION, DISTRIBUTION, ETC.
Date of publication, distribution, etc. 1960
300 ## - PHYSICAL DESCRIPTION
Extent 145გვ. 20 სმ.ილ.
653 ## - INDEX TERM--UNCONTROLLED
Uncontrolled term გოგონა, რომელსაც ზღვა არ უნახავს
653 ## - INDEX TERM--UNCONTROLLED
Uncontrolled term მოთხრობები და ეტიუდები
942 ## - ADDED ENTRY ELEMENTS (KOHA)
Koha item type წიგნი
ეგზემპლარები
Withdrawn status Lost status Damaged status Not for loan Date acquired Barcode Date last seen Price effective from Koha item type
        2018-12-17 37891 2018-12-17 2018-12-17 წიგნი